| 000 | 00663nmc a2200253 a 4500 | ||
|---|---|---|---|
| 003 | AR-BaBNM | ||
| 005 | 20251128211314.0 | ||
| 008 | 113120s1993 ||||||||||||||000 | spa|| | ||
| 020 | _a88-244-5598-0 | ||
| 040 | _cAR-BaBNM | ||
| 245 | 1 | 0 | _aIstituti professionali |
| 260 |
_aNapoli _bEdizioni Simone _c1993 |
||
| 300 | _a160 p. | ||
| 490 | 0 |
_aProgrammi Sccolastici _vv. 559 |
|
| 500 | _aContiene apéndices con documentos | ||
| 650 | 4 | _aFORMACION PROFESIONAL | |
| 650 | 4 | _aPROGRAMAS DE ENSENANZA | |
| 650 | 4 | _aCURRICULO | |
| 651 | 4 | _aItalia | |
| 653 | _aEDUCACION SECUNDARIA | ||
| 653 | _aNORMATIVA INSTITUCIONAL | ||
| 942 | _cBK | ||
| 998 | _craquel | ||
| 999 |
_c19075 _d19075 |
||